Armenian legacy in America : (Record no. 76960)
[ view plain ]
| 000 -LEADER | |
|---|---|
| fixed length control field | 00576nam a22002057a 4500 |
| 003 - CONTROL NUMBER IDENTIFIER | |
| control field | SEM |
| 005 - DATE AND TIME OF LATEST TRANSACTION | |
| control field | 20250917170535.0 |
| 008 - FIXED-LENGTH DATA ELEMENTS--GENERAL INFORMATION | |
| fixed length control field | 250917s2018 ai ||||gr||||||0||||eng|d |
| 020 ## - INTERNATIONAL STANDARD BOOK NUMBER | |
| International Standard Book Number | 9789939822822 |
| 040 ## - CATALOGING SOURCE | |
| Original cataloging agency | SEM |
| Transcribing agency | SEM |
| 041 ## - LANGUAGE CODE | |
| Language code of text/sound track or separate title | eng |
| 080 ## - UNIVERSAL DECIMAL CLASSIFICATION NUMBER | |
| Universal Decimal Classification number | 947․925(084.1)/D-39 |
| 100 ## - MAIN ENTRY--PERSONAL NAME | |
| Personal name | Demoyan, Hayk |
| 245 ## - TITLE STATEMENT | |
| Title | Armenian legacy in America : |
| Remainder of title | A 400 year heritage / |
| Statement of responsibility, etc. | H. Demoyan |
| 260 ## - PUBLICATION, DISTRIBUTION, ETC. | |
| Place of publication, distribution, etc. | Yerevan : |
| Name of publisher, distributor, etc. | Tigran Mets poblishing house, |
| Date of publication, distribution, etc. | 2018․ |
| 300 ## - PHYSICAL DESCRIPTION | |
| Extent | 619 p. ; |
| Other physical details | photos ; |
| Dimensions | 25 cm |
| 650 ## - SUBJECT ADDED ENTRY--TOPICAL TERM | |
| Topical term or geographic name entry element | Armenian legacy |
| Geographic subdivision | America |
| 653 ## - INDEX TERM--UNCONTROLLED | |
| Uncontrolled term | ՍԷՄ |
| 942 ## - ADDED ENTRY ELEMENTS (KOHA) | |
| Source of classification or shelving scheme | Universal Decimal Classification |
| Koha item type | Գրքեր/Books |
| Suppress in OPAC | No |
| Withdrawn status | Lost status | Source of classification or shelving scheme | Damaged status | Not for loan | Collection code | Home library | Current library | Date acquired | Cost, normal purchase price | Inventory number | Total Checkouts | Full call number | Barcode | Date last seen | Price effective from | Koha item type | Public note |
|---|---|---|---|---|---|---|---|---|---|---|---|---|---|---|---|---|---|
| Universal Decimal Classification | Գրապահոց | Մայր Աթոռ Սուրբ Էջմիածին «Վաչե և Թամար Մանուկյան» Մատենադարան | Մայր Աթոռ Սուրբ Էջմիածին «Վաչե և Թամար Մանուկյան» Մատենադարան | 17/09/2025 | 5000.00 | E-18443 | 947․925(084.1)/D-39 | E-18443 | 17/09/2025 | 17/09/2025 | Գրքեր/Books | Սպասարկվում է ընթերցասրահ |